Novelizácia úpravy dovoznej prirážky

Vyhláškou Ministerstva financií SR č. 118/1999 Z.z. bola zavedená dovozná prirážka do systému dávok vyberaných colnými orgánmi pri dovoze tovaru. Novela tejto vyhlášky č. 208//1999 Z.z. rozširuje okruh tovarov, na ktorý sa dovozná prirážka nevymeriava.

Enregistré dans:
Détails bibliographiques
Auteur principal: Babeľa, Miroslav
Format: Chapitre de livre
Langue:slovaque
Sujets:
Tags: Ajouter un tag
Pas de tags, Soyez le premier à ajouter un tag!

MARC

LEADER 00000naa a2200000 4500
001 r036713
005 20230919114608.0
041 0 |a slo 
044 |a SK 
245 1 0 |a Novelizácia úpravy dovoznej prirážky  |c Miroslav Babeľa 
520 |a Vyhláškou Ministerstva financií SR č. 118/1999 Z.z. bola zavedená dovozná prirážka do systému dávok vyberaných colnými orgánmi pri dovoze tovaru. Novela tejto vyhlášky č. 208//1999 Z.z. rozširuje okruh tovarov, na ktorý sa dovozná prirážka nevymeriava. 
610 2 0 |a prirážky dovozné 
610 2 0 |a novelizácia 
610 2 0 |a zákony 
610 2 0 |a sadzby colné 
610 2 0 |a tovar 
610 2 0 |a Slovensko 
100 1 |a Babeľa, Miroslav